00525nam a2200193 a 4500001001300000003000900013005001700022008004100039020001000080082001600090100003400106245002200140260003900162300000800201500003500209505003100244650002200275700003400297nice12345678IN_TiNIC20260116013506.0050524s1996 riya grp 000 0 urd  ac47000a297.63bALM aAl-Mubarakpuri, Saifur Rahman aRaheequl Makhtoom aRiyadhbMaktaba Dar-Us-Salamc1996 a503 aincludes index and biblioraphy2 aNotes, Bibliography, Index aMuhammad, Prophet1 aAl-Mubarakpuri, Saifur Rahman